00723nam a2200133Ia 45000010005000000080041000050820017000461000069000632450384001322600024005165900007005409010027005479990015005743191241024s9999 xx 000 0 und d aRD/328/R426c aRepública Dominicana. Presidencia de la República Dominicana 0aConvenio de Cooperación Interinstitucional entre el Consejo Nacional de Drogas, Ministerio de Salud Pública, Consejo Nacional para la Niñez y la Adolescencia, Ministerio de Educación, Procuraduría General de la República y el Ayuntamiento del Distrito Nacional, relativo a la problemática del consumo de sustancia psicoactivas en los niños, niñas y adolescentes bSanto Domingoc2013 asi a4/9/2013 12:11:37 p.m. c9748d9748